000
00321nam a2200133Ia 4500
008
190216s9999||||xx |||||||||||||| ||und||
100
_a
Alpheus. W. Smith And John . N .coper
245
0
_a
Elements Of Physics
250
_a
5th Ed.
260
_b
Mcgraw -hill
_c
1964
300
_a
717p
650
_a
Physics
942
_c
BK
999
_c
32723
_d
32723